Malezyjska imigracja według państw - Statystyki

Ogólne statystyki
  • Ten quiz został rozwiązany 74 razy
  • Średni wynik to 17 z 20
Statystyki odpowiedzi
Ludzie Państwo % Poprawnych
1 267 156 Indonezja
100%
12 264 Chiny
98%
16 380 Tajlandia
95%
150 128 Indie
91%
22 825 Japonia
91%
103 875 Wietnam
91%
19 366 Kambodża
89%
6 876 Australia
88%
120 423 Filipiny
88%
4 317 Korea Południowa
88%
418 195 Bangladesz
84%
87 884 Pakistan
80%
91 802 Singapur
80%
357 947 Mjanma
79%
3 249 Nowa Zelandia
79%
7 360 Brunei
71%
2 460 Iran
70%
12 473 Wielka Brytania
68%
586 082 Nepal
64%
8 391 Sri Lanka
64%
Nie znaleziono quizów pasujących do podanych kryteriów
Rozkład punktacji
Procent ludzi z każdym wynikiem
Percentyl według liczby udzielonych odpowiedzi
Twoja historia wyników
Nie rozwiązałeś tego quizu